| 000 | 00574nam a2200205 a 4500 | ||
|---|---|---|---|
| 001 | 6650 | ||
| 003 | CO-ViMGA | ||
| 008 | 141112s2004 ck r 000 u spa d | ||
| 020 | _a9682451612 | ||
| 040 |
_aCO-ViMGA _bspa _cCO-ViMGA |
||
| 082 | 0 | 4 | _aMEVIECAR.4 L851 |
| 100 | 1 |
_aLuna Castillo, Antonio _95538 |
|
| 245 | 1 | 0 |
_aMetodología de la tesis / _cLuna Castillo Antonio |
| 260 |
_aMexico : _bTrillas, _c1996 |
||
| 300 | _a130 p : il | ||
| 590 | _aDatos de inventario : 05641 | ||
| 650 | 1 | 4 | _aInvestigación - TECNICAS |
| 650 | 1 | 4 | _aTESIS - ELABORACION |
| 942 |
_2ddc _cBK |
||
| 999 |
_c18619 _d18619 |
||